000 00949nam a2200229Ia 4500
001 11719
003 GE_BSU
008 181216s||||||||xx |||||||||||||| ||und||
040 _cGE_BSU
080 _a636.32/33(075.32)
100 _aმოსაშვილი,ი.
245 _aმეცხვარეობა
245 _bსახელმძღვ.სოფლის მეურნეობის მე-2 თანრიგის ოსტატთა მოსამზადებლად.
245 _cრედ:დ.აგლაძე.
260 _aთბილისი
260 _bსახელგამი
260 _c1953
300 _a280გვ;23სმ.
300 _bილ.
653 _aმეცხვარეობა.სახელმძღვ.სოფლის მეურნეობის მე-2 თანრიგის ოსტატთა მოსამზადებლად.
942 _cBK
999 _c44900
_d44900